| 000 | 01007cam a2200205 4500 | ||
|---|---|---|---|
| 001 | ABS68826 | ||
| 008 | 050317n2005 000 0 eng u | ||
| 035 | _a(Sirsi) u129086 | ||
| 100 | _aLevy, S. | ||
| 245 | _aSetting boundaries | ||
| 260 | _c2005 | ||
| 490 |
_aSolicitors' Journal Expert Witness Supplement _v(Winter 2005), 15-16(2) |
||
| 520 | _aDescribes the requirements of a chartered building surveyor acting as expert witness. Includes the different spheres of expertise that the surveyor may be involved in and the RICS guidelines that its members comply with. These are the RICS practice statement and guidance note "Surveyors acting as expert witnesses" (ISBN 0854069607) and the requirements of Civil Procedure Rules 35. | ||
| 590 | _aABS | ||
| 650 | _aCHARTERED BUILDING SURVEYOR | ||
| 650 | _aDISPUTES | ||
| 650 | _aCAREERS, EDUCATION AND TRAINING | ||
| 690 | _aMANAGEMENT-DISPUTE AVOIDANCE, MANAGEMENT AND RESOLUTION-DISPUTE MANAGEMENT AND RESOLUTION-EXPERT WITNESSES | ||
| 942 | _n0 | ||
| 999 |
_c74940 _d74940 |
||